000 005720000a22001810004500
041 0 _aSPA
082 0 4 _aG 268.54 B9643m
100 1 _aBurnett, Sibley C.
245 1 0 _aManual para las escuelas bíblicas de vacaciones / Sibley C. Burnett ; Samuel O. Libert, Traductor
260 _aEl Paso, TX., USA : Casa Bautista de Publicaciones
300 _a173 Pag
500 _aTítulo original : Better vacation Bible schools
001 8011
942 _cBK
999 _c38210
_d38210
336 _atexto
_btxt
_2rdacontent
337 _2rdamedia
_asin mediación
_bn
338 _2rdacarrier
_avolumen
_bnc